All NBA Players Born Outside North America Ever - Statistics

General Stats
  • This quiz has been taken 8 times
  • The average score is 26 of 480
Answer Stats
Country of Origin Position Answer % Correct
Democratic Republic of the Congo Center Dikembe Mutombo
75%
Greece Forward Giannis Antetokounmpo
75%
Serbia Center Nikola Jokić
75%
Russia Forward Andrei Kirilenko
50%
Lithuania Center Arvydas Sabonis
50%
South Sudan Center Bol Bol
50%
Switzerland Forward Clint Capela
50%
Germany Guard Dennis Schröder
50%
Germany Forward Dirk Nowitzki
50%
Germany Forward Franz Wagner
50%
Greece Forward Kostas Antetokounmpo
50%
Slovenia Guard/Forward Luka Dončić
50%
Argentina Guard Manu Ginóbili
50%
Sudan Center Manute Bol
50%
Spain Center Marc Gasol
50%
Germany Forward/Center Moritz Wagner
50%
Spain Forward Pau Gasol
50%
Argentina Guard Pepe Sánchez
50%
Greece Forward Thanasis Antetokounmpo
50%
Croatia Forward Toni Kukoč
50%
France Guard Tony Parker
50%
France Forward/Center Victor Wembanyama
50%
Serbia Center Vlade Divac
50%
China Center Yao Ming
50%
Brazil Guard Alex Garcia
25%
France Center/Forward Alex Sarr
25%
Great Britain Center Amari Williams
25%
Italy Forward Andrea Bargnani
25%
Argentina Forward Andrés Nocioni
25%
Israel Guard Ben Saraf
25%
Australia Forward Ben Simmons
25%
Democratic Republic of the Congo Center Bismack Biyombo
25%
France Forward/Center Boris Diaw
25%
Israel Forward Deni Avdija
25%
Germany Forward/Center Detlef Schrempf
25%
Croatia Guard Dražen Petrović
25%
Argentina Forward Fabricio Oberto
25%
Argentina Guard Gabriel Deck
25%
Israel Guard Gal Mekel
25%
Slovenia Guard Goran Dragić
25%
Turkey Forward Hedo Türkoğlu
25%
Spain Forward Hugo González
25%
Australia Forward Jack White
25%
France Center Johan Petro
25%
Lithuania Center Jonas Valančiūnas
25%
Spain Guard José Calderón
25%
Australia Guard Josh Giddey
25%
Australia Guard Josh Green
25%
Spain Guard Juan Carlos Navarro
25%
Latvia Forward/Center Kristaps Porziņģis
25%
Finland Forward/Center Lauri Markkanen
25%
Brazil Center Lucas Nogueira
25%
Australia Center Luc Longley
25%
Cameroon Forward Luc Mbah a Moute
25%
Argentina Forward Luis Scola
25%
Brazil Guard Marcelo Huertas
25%
Greece Guard Naz Mitrou-Long
25%
Argentina Guard Nicolás Laprovíttola
25%
Serbia Forward Nikola Jović
25%
Montenegro Center Nikola Vučević
25%
Great Britain Forward OG Anunoby
25%
France Center Olivier Sarr
25%
Israel Forward Omri Casspi
25%
Cameroon Forward Pascal Siakam
25%
Serbia Forward/Guard Peja Stojaković
25%
Spain Guard Raül López
25%
Spain Guard Ricky Rubio
25%
Argentina Forward Rubén Wolkowyski
25%
Spain Guard Rudy Fernández
25%
France Center Rudy Gobert
25%
Japan Forward Rui Hachimura
25%
New Zealand Forward/Center Sean Marks
25%
Spain Forward Serge Ibaka
25%
Spain Guard Sergio Rodríguez
25%
Germany Center Shawn Bradley
25%
Brazil Center/Forward Tiago Splitter
25%
Israel Forward T. J. Leaf
25%
Slovenia Guard Zoran Dragić
25%
Egypt Forward/Guard Abdel Nader
0%
Mali Forward/Center Adama Sanogo
0%
France Guard Adam Mokoka
0%
Turkey Forward/Center Adem Bona
0%
Belgium Guard Ajay Mitchell
0%
Egypt Forward/Center Alaa Abdelnaby
0%
Serbia Guard Aleksandar Djordjevic
0%
Bosnia and Herzegovina Center Aleksandar Radojević
0%
Serbia Forward Aleksej Pokuševski
0%
Serbia Center Alen Smailagić
0%
Spain Guard/Forward Álex Abrines
0%
Ukraine Forward Alexander Volkov
0%
Australia Guard Alex Ducas
0%
Russia Guard Alexey Shved
0%
France Forward Alexis Ajinça
0%
Ukraine Center Alex Len
0%
Turkey Forward Alperen Şengün
0%
Luxembourg Forward Alvin Jones
0%
Ghana Center Amida Brimah
0%
Brazil Center/Forward Anderson Varejão
0%
Greece Center Andreas Glyniadakis
0%
Australia Center Andrew Bogut
0%
Australia Guard Andrew Gaze
0%
Latvia Center Andris Biedriņš
0%
Croatia Center Ante Žižić
0%
Slovenia Forward Anthony Randolph
0%
France Guard Antoine Rigaudeau
0%
Greece Forward Antonis Fotsis
0%
Latvia Center Anžejs Pasečņiks
0%
Germany Center Ariel Hukporti
0%
France Forward Armel Traoré
0%
Lithuania Forward Arnoldas Kulboka
0%
Australia Center Aron Baynes
0%
Lithuania Guard Arvydas Macijauskas
0%
France Forward/Guard Axel Toupane
0%
Ghana Forward Ben Bentil
0%
Great Britain Guard Ben Gordon
0%
Slovenia Guard Beno Udrih
0%
France Forward Bilal Coulibaly
0%
Serbia Center Boban Marjanović
0%
Sweden Forward Bobi Klintman
0%
Serbia Guard Bogdan Bogdanović
0%
Croatia Forward Bojan Bogdanović
0%
Senegal Center Boniface N'Dong
0%
Slovenia Forward Boštjan Nachbar
0%
Brazil Forward Bruno Caboclo
0%
Angola Center Bruno Fernando
0%
Croatia Center Bruno Šundov
0%
Australia Forward/Center Cameron Bairstow
0%
Venezuela Forward Carl Herrera
0%
Argentina Guard Carlos Delfino
0%
Turkey Forward Cedi Osman
0%
Poland Center Cezary Trybański
0%
Nigeria Forward Charles Bassey
0%
Germany Forward Charlie Hoefer
0%
Mali Forward Cheick Diallo
0%
Senegal Center Cheikh Samb
0%
Nigeria Forward Chima Moneke
0%
Australia Center Chris Anstey
0%
Great Britain Guard Chris Harris
0%
Gabon Forward Chris Silva
0%
Democratic Republic of the Congo Guard/Forward Christian Eyenga
0%
Cameroon Forward/Center Christian Koloko
0%
Germany Center Chris Welp
0%
Brazil Forward/Center Cristiano Felício
0%
China Guard Cui Yongxi
0%
Latvia Guard Dairis Bertāns
0%
Croatia Center Dalibor Bagarić
0%
France Forward Damien Inglis
0%
Croatia Center Damir Markota
0%
Croatia Forward Damjan Rudež
0%
Netherlands Center Dan Gadzuric
0%
Germany Forward/Center Daniel Theis
0%
Italy Forward Danilo Gallinari
0%
Australia Guard Dante Exum
0%
Croatia Forward Dario Šarić
0%
Lithuania Forward Darius Songaila
0%
Serbia Forward/Center Darko Miličić
0%
Australia Forward/Center David Andersen
0%
Latvia Forward Dāvis Bertāns
0%
Lithuania Guard/Forward Deividas Sirvydis
0%
South Sudan Forward Deng Adel
0%
South Sudan Forward Deng Gai
0%
Senegal Center DeSagana Diop
0%
Brazil Forward Didi Louzada
0%
Croatia Forward/Center Dino Rađa
0%
Belgium Center D.J. Mbenga
0%
Ukraine Center Dmytro Skapintsev
0%
Lithuania Forward/Center Donatas Motiejūnas
0%
Croatia Forward/Center Dragan Bender
0%
Serbia Center Dragan Tarlać
0%
Croatia Forward Duje Dukan
0%
Australia Forward/Center Duop Reath
0%
Australia Guard Dyson Daniels
0%
Bosnia andHerzegovina Forward Džanan Musa
0%
Cape Verde Center Edy Tavares
0%
Greece Center Efthimios Rentzias
0%
Russia Guard Egor Dëmin
0%
Germany Forward Elias Harris
0%
France Guard Élie Okobo
0%
Democratic Republic of the Congo Forward Emmanuel Mudiay
0%
Turkey Forward Enes Freedom
0%
Finland Center Erik Murphy
0%
Turkey Forward Ersan İlyasova
0%
France Guard/Forward Evan Fournier
0%
Brazil Center Fab Melo
0%
Argentina Guard Facundo Campazzo
0%
Spain Center Fernando Martín
0%
Nigeria Center Festus Ezeli
0%
Serbia Forward Filip Petrušev
0%
Netherlands Center Francisco Elson
0%
France Guard Frank Ntilikina
0%
Germany Forward Frido Frey
0%
Turkey Forward/Center Furkan Aldemir
0%
Turkey Guard Furkan Korkmaz
0%
Denmark Guard Gabriel Lundberg
0%
Netherlands Center Geert Hammink
0%
Czech Republic Center George Zídek
0%
Bulgaria Forward Georgi Glouchkov
0%
Greece Guard/Forward Georgios Kalaitzakis
0%
Greece Center Georgios Papagiannis
0%
Romania Center Gheorghe Mureșan
0%
Italy Forward Gigi Datome
0%
Georgia Center Goga Bitadze
0%
Croatia Guard/Forward Gordon Giriček
0%
Senegal Center Gorgui Dieng
0%
Venezuela Guard Greivis Vásquez
0%
France Forward Guerschon Yabusele
0%
Brazil Guard/Forward Gui Santos
0%
Latvia Forward Gundars Vētra
0%
Senegal Center Hamady N'Diaye
0%
Iran Center Hamed Haddadi
0%
Finland Center Hanno Möttölä
0%
South Korea Center Ha Seung-Jin
0%
Tanzania Center Hasheem Thabeet
0%
Estonia Forward Henri Drell
0%
France Center Ian Mahinmi
0%
Turkey Guard Ibo Kutluay
0%
Senegal Center Ibou Badji
0%
Lithuania Forward Ignas Brazdeikis
0%
Serbia Guard Igor Rakočević
0%
Germany Guard Isaac Bonga
0%
Australia Forward/Center Isaac Humphries
0%
Croatia Center Ivica Zubac
0%
Australia Forward Jack McVeigh
0%
Colombia Center Jaime Echenique
0%
Greece Center Jake Tsakalidis
0%
Austria Center Jakob Poeltl
0%
Great Britain Center James Donaldson
0%
Czech Republic Forward Jan Veselý
0%
Guyana Guard Jason Miskiri
0%
France Small Forward Jaylen Hoard
0%
Sweden Forward Jeff Taylor
0%
France Forward Jérôme Moïso
0%
Netherlands Center Jesse Edwards
0%
Czech Republic Guard Jiří Welsch
0%
France Center Joan Beringer
0%
Brazil Forward João Vianna
0%
Australia Center Jock Landale
0%
Australia Forward Joe Ingles
0%
France Guard Joël Ayayi
0%
Russia Forward/Center Joel Bolomboy
0%
Great Britain Center Joel Freeland
0%
France Forward/Center Joffrey Lauvergne
0%
Australia Forward Johnny Furphy
0%
Australia Forward Jonah Bolden
0%
Sweden Forward Jonas Jerebko
0%
Democratic Republic of the Congo Forward Jonathan Kuminga
0%
Spain Forward Jorge Garbajosa
0%
Nigeria Forward Josh Okogie
0%
Spain Forward Juancho Hernangómez
0%
Nigeria Center Julius Nwosu
0%
Bosnia and Herzegovina Center Jusuf Nurkić
0%
Croatia Forward/Center Karlo Matković
0%
Lithuania Guard Kasparas Jakučionis
0%
Nigeria Guard Kelenna Azubuike
0%
France Forward Kevin Séraphin
0%
South Sudan Center Khaman Maluach
0%
France Forward/Center Killian Tillie
0%
New Zealand Guard Kirk Penney
0%
Hungary Forward Kornél Dávid
0%
Serbia Center Kosta Perović
0%
Greece Forward Kostas Papanikolaou
0%
Ukraine Center Kyrylo Fesenko
0%
Australia Forward/Center Lachlan Olbrich
0%
Brazil Guard Leandro Barbosa
0%
Argentina Forward/Guard Leandro Bolmaro
0%
Lithuania Forward Linas Kleiza
0%
Argentina Guard Luca Vildoza
0%
Croatia Forward Luka Šamanić
0%
Australia Center Luke Schenscher
0%
Australia Forward Luke Travers
0%
Great Britain Forward Luol Deng
0%
Poland Forward/Center Maciej Lampe
0%
Senegal Forward Makhtar N'Diaye
0%
France Guard Malcolm Cazalon
0%
Netherlands Forward/Center Malevy Leons
0%
Guinea Forward Mamadi Diakite
0%
Senegal Center Mamadou N'Diaye
0%
South Sudan Forward/Center Mangok Mathiang
0%
Brazil Forward Mãozinha Pereira
0%
Poland Center/Forward Marcin Gortat
0%
Italy Guard Marco Belinelli
0%
South Sudan Guard Marial Shayok
0%
Croatia Guard/Forward Mario Hezonja
0%
Croatia Center Mario Kasun
0%
Australia Center Mark Bradtke
0%
Serbia Guard/Forward Marko Gudurić
0%
Serbia Guard Marko Jarić
0%
Slovenia Guard/Forward Marko Milič
0%
Montenegro Forward/Center Marko Simonović
0%
Brazil Forward Marquinhos Vieira
0%
Estonia Forward Martin Müürsepp
0%
Lithuania Center Martynas Andriuškevičius
0%
Australia Guard Matthew Dellavedova
0%
Senegal Forward Maurice Ndour
0%
Germany Forward Maxi Kleber
0%
France Center Maxime Raynaud
0%
Ukraine Guard Max Shulga
0%
Turkey Forward/Center Mehmet Okur
0%
China Center Mengke Bateer
0%
Nigeria Center Michael Olowokandi
0%
France Forward Mickaël Gelabale
0%
France Guard/Forward Mickaël Piétrus
0%
Serbia Center Mile Ilić
0%
Serbia Center/Forward Miloš Babić
0%
Serbia Guard Miloš Teodosić
0%
Lithuania Forward Mindaugas Kuzminskas
0%
Serbia Center Miroslav Raduljica
0%
Turkey Forward Mirsad Türkcan
0%
Bosnia and Herzegovina Forward Mirza Teletović
0%
Australia Guard Mitch Creek
0%
Senegal Forward Mouhamed Gueye
0%
Senegal Forward Mouhamed Sene
0%
Guinea Center Moussa Cissé
0%
France Forward Moussa Diabaté
0%
France Guard Nando De Colo
0%
Australia Forward/Center Nathan Jawai
0%
Ghana Forward/Center Nathan Mensah
0%
Great Britain Forward Ndudi Ebi
0%
Portugal Center Neemias Queta
0%
Serbia Forward Nemanja Bjelica
0%
Serbia Guard Nemanja Nedović
0%
Serbia Center Nenad Krstić
0%
Brazil Forward/Center Nenê
0%
Mali Center N'Faly Dante
0%
France Guard Nicolas Batum
0%
Argentina Guard/Forward Nicolás Brussino
0%
Italy Forward Nicolò Melli
0%
Italy Guard Nico Mannion
0%
Spain Forward Nikola Mirotić
0%
Montenegro Center Nikola Peković
0%
Serbia Guard Nikola Topić
0%
Georgia Forward Nikoloz Tskitishvili
0%
France Forward Noa Essengue
0%
France Center Noah Penda
0%
France Guard Nolan Traoré
0%
Lebanon Forward Norvel Pelle
0%
Nigeria Forward/Center Obinna Ekezie
0%
Serbia Center Ognjen Kuzmić
0%
Ukraine Center Oleksiy Pecherov
0%
Nigeria Center Olumide Oyedeji
0%
Turkey Center/Forward Ömer Aşık
0%
Turkey Forward Ömer Yurtseven
0%
Turkey Guard/Forward Onuralp Bitim
0%
Venezuela Forward Óscar Torres
0%
Democratic Republic of the Congo Center Oscar Tshiebwe
0%
France Guard Ousmane Dieng
0%
Argentina Guard Pablo Prigioni
0%
France Guard Pacôme Dadiet
0%
Senegal Forward Pape Sow
0%
France Forward/Guard Pape Sy
0%
Ireland Center/Forward Pat Burke
0%
Argentina Guard Patricio Garino
0%
Australia Guard Patty Mills
0%
Germany Guard/Forward Paul Zipser
0%
Russia Center Pavel Podkolzin
0%
Sweden Guard/Forward Pelle Larsson
0%
North Macedonia Forward/Center Pero Antić
0%
Nigeria Center Peter Aluma
0%
France Forward Petr Cornelie
0%
Iceland Center Pétur Guðmundsson
0%
Great Britain Forward Pops Mensah-Bonsu
0%
Nigeria Forward Precious Achiuwa
0%
Montenegro Center Predrag Drobnjak
0%
Montenegro Guard Predrag Savović
0%
Slovenia Center Primož Brezec
0%
Netherlands Center Quinten Post
0%
Serbia Center Radisav Ćurčić
0%
Brazil Center Rafael Araújo
0%
Slovenia Center Rasho Nesterović
0%
Serbia Center Rastko Cvetković
0%
Bosnia and Herzegovina Center Ratko Varda
0%
Brazil Guard Raul Neto
0%
Guyana Guard/Forward Rawle Marshall
0%
France Guard Rayan Rupert
0%
Slovakia Center/Forward Richard Petruška
0%
Netherlands Center Rik Smits
0%
Great Britain Forward Robert Archibald
0%
Australia Center Rocco Zikarsky
0%
Latvia Forward Rodions Kurucs
0%
France Guard Rodrigue Beaubois
0%
Croatia Guard Roko Ukić
0%
Brazil Center Rolando Ferreira
0%
France Forward Ronny Turiaf
0%
Lebanon Center Rony Seikaly
0%
Cameroon Center Ruben Boumtje-Boumtje
0%
Australia Guard Ryan Broekhoff
0%
Tunisia Center Salah Mejri
0%
Spain Forward Santi Aldama
0%
Lithuania Guard Šarūnas Jasikevičius
0%
Lithuania Guard Šarūnas Marčiulionis
0%
Serbia Guard Sasha Danilović
0%
Russia Center Sasha Kaun
0%
Serbia Guard/Forward Sasha Pavlović
0%
Bulgaria Forward Sasha Vezenkov
0%
Slovenia Guard Sasha Vujačić
0%
France Forward Sekou Doumbouya
0%
Turkey Center Semih Erden
0%
Russia Guard Sergei Bazarevich
0%
Russia Forward Sergei Monia
0%
Russia Guard/Forward Sergey Karasev
0%
Australia Guard Shane Heal
0%
France Forward Sidy Cissoko
0%
Italy Forward Simone Fontecchio
0%
Ukraine Forward Slava Medvedenko
0%
Montenegro Center Slavko Vraneš
0%
Nigeria Center Solomon Alabi
0%
Mali Center Soumaila Samake
0%
Italy Center/Forward Stefano Rusconi
0%
Gabon Forward Stéphane Lasme
0%
Great Britain Guard Steve Bucknall
0%
New Zealand Center Steven Adams
0%
Croatia Center Stojko Vranković
0%
China Guard Sun Yue
0%
Ukraine Forward Svi Mykhailiuk
0%
Netherlands Center Swen Nater
0%
Senegal Center Tacko Fall
0%
France Forward Tariq Abdul-Wahad
0%
Switzerland Guard Thabo Sefolosha
0%
France Guard Théo Maledon
0%
South Sudan Forward/Center Thon Maker
0%
Germany Center Tibor Pleiß
0%
France Forward Tidjane Salaün
0%
Russia Forward Timofey Mozgov
0%
Germany Forward/Center Tim Ohlbrecht
0%
France Guard/Forward Timothé Luwawu-Cabarrot
0%
Czech Republic Guard Tomáš Satoranský
0%
Norway Center Torgeir Bryn
0%
Georgia Forward Tornike Shengelia
0%
Great Britain Forward Tosan Evbuomwan
0%
Belgium Forward Toumani Camara
0%
Germany Forward Tristan da Silva
0%
Netherlands Forward Tristan Enaruna
0%
Serbia Forward/Center Tristan Vukčević
0%
Australia Guard Tyrese Proctor
0%
Nigeria Center Udoka Azubuike
0%
Cameroon Center Ulrich Chomche
0%
Slovenia Forward Uroš Slokar
0%
Spain Forward/Center Usman Garuba
0%
Germany Center Uwe Blab
0%
Serbia Guard Vasilije Micić
0%
Greece Guard Vassilis Spanoulis
0%
Ukraine Center Viacheslav Kravtsov
0%
Spain Forward Victor Claver
0%
Russia Forward Viktor Khryapa
0%
France Center Vincent Poirier
0%
Italy Guard Vincenzo Esposito
0%
Ukraine Center Vitaly Potapenko
0%
Czech Republic Guard Vít Krejčí
0%
Brazil Center Vítor Faverani
0%
Serbia Forward Vladimir Radmanović
0%
Georgia Center Vladimir Stepania
0%
Russia Center Vladislav Goldin
0%
Slovenia Forward Vlatko Čančar
0%
Argentina Forward Walter Herrmann
0%
China Center Wang Zhizhi
0%
South Sudan Forward Wenyen Gabriel
0%
France Forward William Howard
0%
Australia Center/Forward Will Magnay
0%
Spain Center Willy Hernangómez
0%
Australia Forward Xavier Cooks
0%
France Forward Yakhouba Diawara
0%
China Center Yang Hansen
0%
Switzerland Center Yanic Konan Niederhäuser
0%
Russia Forward Yaroslav Korolev
0%
China Forward Yi Jianlian
0%
Nigeria Center Yinka Dare
0%
Japan Guard Yuki Kawamura
0%
Japan Guard Yuta Tabuse
0%
Japan Forward Yuta Watanabe
0%
Cameroon Center Yves Missi
0%
France Forward Yves Pons
0%
France Forward Zaccharie Risacher
0%
Croatia Center Žan Tabak
0%
Montenegro Forward Žarko Čabarkapa
0%
Serbia Forward Žarko Paspalj
0%
Georgia Center Zaza Pachulia
0%
Serbia Center Željko Rebrača
0%
China Center Zhou Qi
0%
Croatia Guard Zoran Planinić
0%
Lithuania Center Zydrunas Ilgauskas
0%
No matching quizzes found
Score Distribution
Percent of People with Each Score
Percentile by Number Answered
Your Score History
You have not taken this quiz